| 000 | 01106nam a22002537a 4500 | ||
|---|---|---|---|
| 001 | BD-DhSAU 8603 | ||
| 003 | BD-DhSAU | ||
| 005 | 20220920105813.0 | ||
| 008 | 150613b2008 bg a|||| m||| 00| 0 eng d | ||
| 040 | _aBD-DhSAU | ||
| 082 |
_222 _a... _b... |
||
| 100 |
_aAkhter, Bonya _eRegistration # 00903 |
||
| 245 |
_aMycorrhizal status of crops grown in arsenic affected areas of Sonargaon and influence of mycorrhizae on growth of selected crops in arsenic amended soil / _bMS thesis _c Bonya Akhter |
||
| 260 |
_aSher-e-Bangla Agricultural University : _bDepartment of Plant Pathology, _c2008. |
||
| 300 |
_axvi, 148 p. : _bill. ; _c29 cm. |
||
| 500 | _aMS thesis of Department of Plant Pathology, Faculty of Agriculture, Sher-e-Bangla Agricultural University, Dhaka, Bangladesh | ||
| 504 | _aIncludes bibliographical reference. | ||
| 590 | _aJerin | ||
| 650 | _aPlant Pathology | ||
| 700 |
_aMridha, Md. Amin Uddin _eSuperviser |
||
| 700 |
_aAminuzzaman, F. M. _eCo-superviser |
||
| 856 |
_yOnline Access _uhttp://archive.saulibrary.edu.bd:8080/xmlui/handle/123456789/4249 |
||
| 942 |
_2ddc _cTHESIS |
||
| 999 |
_c8603 _d8603 |
||